MARC details
| 000 -CABECERA |
| campo de control de longitud fija |
01743nam a2200265 a 4500 |
| 001 - NÚMERO DE CONTROL |
| campo de control |
000023899 |
| 005 - FECHA Y HORA DE LA ÚLTIMA TRANSACCIÓN |
| campo de control |
20260420170825.0 |
| 008 - DATOS DE LONGITUD FIJA--INFORMACIÓN GENERAL |
| campo de control de longitud fija |
100922s2010 dr ac r 000 0 spa d |
| 040 ## - FUENTE DE LA CATALOGACIÓN |
| Centro catalogador/agencia de origen |
DO-SdBNP |
| Lengua de catalogación |
spa |
| Centro/agencia transcriptor |
BNPHU |
| 082 ## - NÚMERO DE LA CLASIFICACIÓN DECIMAL DEWEY |
| Número de clasificación |
301 |
| Número de documento/Ítem |
M385n, 2010 |
| 100 1# - ENTRADA PRINCIPAL--NOMBRE DE PERSONA |
| Nombre de persona |
Martínez Almanzar, Juan Francisco |
| Fechas asociadas al nombre |
1950 - |
| 9 (RLIN) |
10459 |
| 245 10 - MENCIÓN DE TÍTULO |
| Título |
Nociones de sociología general y jurídica / |
| Mención de responsabilidad, etc. |
Juan Francisco Martínez Almánzar. |
| 260 ## - PUBLICACIÓN, DISTRIBUCIÓN, ETC. |
| Lugar de publicación, distribución, etc. |
Santo Domingo : |
| Nombre del editor, distribuidor, etc. |
CAIS, |
| Fecha de publicación, distribución, etc. |
2010. |
| 300 ## - DESCRIPCIÓN FÍSICA |
| Extensión |
390 p. : |
| Otras características físicas |
il. ; |
| Dimensiones |
21 cm. |
| 500 ## - NOTA GENERAL |
| Nota general |
Incluye datos biográficos del autor en la solapa de la cubierta. |
| 504 ## - NOTA DE BIBLIOGRAFÍA, ETC. |
| Nota de bibliografía, etc. |
Bibliografía : p. 390-392. |
| 505 0# - NOTA DE CONTENIDO CON FORMATO |
| Información miscelánea |
Prefacio -- |
| Título |
Ciencias, conocimientos y ciencias sociales -- |
| -- |
Sociedad y sociología -- |
| -- |
Los inicios de la sociología jurídica -- |
| -- |
La sociología jurídica y el derecho -- |
| -- |
Juristas, sociólogos, razón y sanciones -- |
| -- |
Métodos y técnicas de investigación en sociología jurídica -- |
| -- |
Los aportes a la sociología jurídica de las distintas corrientes y escuelas del pensamiento social -- |
| -- |
Accion social, cambio social y desviación social -- |
| -- |
Cultura, grupos sociales y comportamiento colectivo -- |
| -- |
La familia, el matrimonio y divorcio -- |
| -- |
La sociología jurídica y los tipos de estructuras -- |
| -- |
Derecho, neoliberalismo y globalización -- |
| -- |
La nación dominicana y reformas constitucionales -- |
| -- |
Los procesos políticos (1961-2008) -- |
| Información miscelánea |
Bibliografía. |
| 590 ## - NOTA LOCAL (RLIN) |
| Nota local |
Inventariado, 2018/VM |
| 650 #0 - PUNTO DE ACCESO ADICIONAL DE MATERIA--TÉRMINO DE MATERIA |
| Término de materia o nombre geográfico como elemento de entrada |
Jurisprudencia sociológica |
| 9 (RLIN) |
4071 |
| 650 #4 - PUNTO DE ACCESO ADICIONAL DE MATERIA--TÉRMINO DE MATERIA |
| Término de materia o nombre geográfico como elemento de entrada |
Sociología |
| Subdivisión general |
Ensayos, conferencias, etc. |
| 9 (RLIN) |
24199 |
| 650 #0 - PUNTO DE ACCESO ADICIONAL DE MATERIA--TÉRMINO DE MATERIA |
| Término de materia o nombre geográfico como elemento de entrada |
Ciencias sociales |
| 9 (RLIN) |
1065 |
| 650 #4 - PUNTO DE ACCESO ADICIONAL DE MATERIA--TÉRMINO DE MATERIA |
| Término de materia o nombre geográfico como elemento de entrada |
Investigaciones |
| Subdivisión general |
Metodología |
| 9 (RLIN) |
37127 |
| 710 10 - PUNTO DE ACCESO ADICIONAL--NOMBRE DE ENTIDAD CORPORATIVA |
| Nombre de entidad corporativa o nombre de jurisdicción como elemento de entrada |
Centro de Adiestramiento e Investigación social |
| 9 (RLIN) |
49160 |
| 910 ## - DATOS DE OPCIÓN DEL USUARIO (OCLC) |
| Datos de opción del usuario |
Validado. Control de calidad. EMS |